=LDR 00000nam 2200000 4500 =001 INLIS000000000025796 =005 20130612124259 =008 ***********************************Ind** =035 ##$$0010-061300000025796 =041 ##$$a Ind =082 ##$$a 636 =090 ##$$a 636, Mar t =100 ##$$a Marhijanto, Bambang =245 ##$$a 7 langkah bternak ayam buras, Bambang Marhjanto =260 ##$$a 1994 $b Surabaya =300 ##$$a 144 hlm, ilus, 21 cm =650 ##$$a Ayam buras =850 ##$$a NBPNMAT